000 00229nam a2200097Ia 4500
008 170619s9999 xx 000 0 und d
100 _aSrivastava S K
245 0 _aENGINEERING PHYSICS
260 _bNew Age International
260 _c2008
546 _aENGLISH
999 _c18617
_d18617